[Event "Guelph Fall ProAm"]
[Site "Guelph"]
[Date "2010.11.06"]
[Round "3"]
[White "Friedman, Alexander"]
[Black "Egorov, Mikhail"]
[Result "1-0"]
[WhiteElo "2034"]
[BlackElo "2201"]
[PlyCount "81"]
[EventDate "2010.11.06"]
[EventType "swiss"]
[EventRounds "5"]
[EventCountry "CAN"]
[SourceTitle "EXT 2022"]
[Source "ChessBase"]
[SourceDate "2021.10.06"]
[SourceVersion "1"]
[SourceVersionDate "2021.10.06"]
[SourceQuality "1"]

1. c4 Nf6 2. Nc3 g6 3. g3 d6 4. Bg2 Bg7 5. Nf3 0-0 6. 0-0 Nbd7 7. d3 c6 8. Bd2 e5 9. Rb1 a6 10. b4 d5 11. cxd5 cxd5 12. e3 Re8 13. Qb3 Nf8 14. a4 h6 15. a5 Be6 16. Na4 N6d7 17. Nc5 Nxc5 18. bxc5 Rb8 19. Rfc1 d4 20. Qa3 dxe3 21. Bxe3 Bd5 22. Rd1 Ne6 23. Qb4 Qd7 24. Nd2 Bxg2 25. Kxg2 Qd5+ 26. Qe4 Nc7 27. Nc4 f5 28. Qxd5+ Nxd5 29. Nd6 Re7 30. c6 Re6 31. Ba7 Rxd6 32. Bxb8 Rxc6 33. Rxb7 Rc2 34. Re1 f4 35. Kf3 fxg3 36. hxg3 g5 37. Bxe5 Bf8 38. Bd4 h5 39. Re8 g4+ 40. Kg2 Nc7 41. Rc8 1-0

[Event "Guelph Fall ProAm"]
[Site "Guelph"]
[Date "2010.11.06"]
[Round "2"]
[White "Lacau Rodean, Lucian"]
[Black "Friedman, Alexander"]
[Result "0-1"]
[WhiteElo "2168"]
[BlackElo "2034"]
[PlyCount "130"]
[EventDate "2010.11.06"]
[EventType "swiss"]
[EventRounds "5"]
[EventCountry "CAN"]
[SourceTitle "EXT 2022"]
[Source "ChessBase"]
[SourceDate "2021.10.06"]
[SourceVersion "1"]
[SourceVersionDate "2021.10.06"]
[SourceQuality "1"]

1. e4 c5 2. Nf3 e6 3. d4 cxd4 4. Nxd4 Nc6 5. Nc3 Qc7 6. Be3 a6 7. Qd2 Bb4 8. f3 Nf6 9. g4 d6 10. g5 Nd7 11. 0-0-0 Nce5 12. f4 Nc4 13. Bxc4 Qxc4 14. Nde2 0-0 15. a3 Ba5 16. Qxd6 b5 17. Rd4 Qc7 18. Rhd1 Qb7 19. f5 Re8 20. g6 fxg6 21. fxe6 Nf6 22. Nd5 Bxe6 23. Nef4 Rad8 24. Qxe6+ Rxe6 25. Nxe6 Re8 26. b4 Bb6 27. Nxb6 Qxb6 28. Nc5 Qc7 29. Rd6 Qf7 30. Bg5 h6 31. Bxf6 gxf6 32. Rxa6 f5 33. Rg1 Kg7 34. exf5 Qxf5 35. Ra7+ Kf8 36. Nd7+ Kg8 37. Rd1 Qf2 38. Ra6 Kg7 39. Rdd6 Qf7 40. Kb2 Qf5 41. Rxg6+ Qxg6 42. Rxg6+ Kxg6 43. a4 bxa4 44. b5 Re7 45. Nc5 Re5 46. Nxa4 Rxb5+ 47. Kc3 Rb8 48. Kd3 Kf5 49. c4 Rb4 50. Nc3 Rb2 51. c5 Rxh2 52. c6 Ke6 53. Ne4 h5 54. Ke3 Rc2 55. Kf4 Rxc6 56. Kg5 h4 57. Nf2 Rc4 58. Nh3 Rd4 59. Nf4+ Kd6 60. Nh3 Kd5 61. Nf2 Kc4 62. Ng4 h3 63. Ne5+ Kc3 64. Nf3 Kd3 65. Ne5+ Ke3 0-1